000 00994nmm a2200289 a 4500
001 ocm0001864529
003 TR-IsHL
005 20201028171511.0
008 180317s2017 tu tur
007 cr cn
020 _a9789752475298
035 _a1864529
_b(N$T)
050 0 4 _aHF5415.5
_b.Ç53 2017
090 0 4 _aHF5415.5
_b.Ç53 2017
100 1 _aÇiçek, Ercan
245 1 0 _aPazarlamada ve rekabette başarının anahtarı müşteri ilişkileri yönetimi
_h[electronic resource] /
_cErcan Çiçek
250 _aBirinci basım
260 _aKonya :
_bEğitim Yayınevi,
_c2017
300 _a252 p.
500 _aKaynakça var.
_x
650 4 _aİşletme ve Yönetim
650 4 _aBusiness Management
650 0 _aMüşteri ilişkileri
_x Yönetim
650 0 _aCustomer relations
_x Management
650 7 _aBUSINESS & ECONOMICS / Marketing / General
_2bisacsh
856 4 0 _uhttp://search.ebscohost.com/login.aspx?direct=true&scope=site&db=e011xww&AN=1864529
999 _c16733
_d16733